Sam's ball / (Record no. 428)

MARC details
000 -LEADER
fixed length control field 01067nam a22003377a 4500
001 - CONTROL NUMBER
control field 428
003 - CONTROL NUMBER IDENTIFIER
control field FISKH
005 - DATE AND TIME OF LATEST TRANSACTION
control field 20230420115714.0
008 - FIXED-LENGTH DATA ELEMENTS--GENERAL INFORMATION
fixed length control field 230420b cb ||||| |||| 00| 0 eng d
020 ## - INTERNATIONAL STANDARD BOOK NUMBER
Canceled/invalid ISBN 9780688023591
040 ## - CATALOGING SOURCE
Original cataloging agency DLC
Transcribing agency DLC
Modifying agency DLC
041 1# - LANGUAGE CODE
Language code of text/sound track or separate title engswe
042 ## - AUTHENTICATION CODE
Authentication code lcac
050 00 - LIBRARY OF CONGRESS CALL NUMBER
Classification number PZ7.L65852
Item number Sab 1983
082 00 - DEWEY DECIMAL CLASSIFICATION NUMBER
Classification number 813.54
Edition number 19
100 1# - MAIN ENTRY--PERSONAL NAME
Personal name Lindgren, Barbro.
240 10 - UNIFORM TITLE
Uniform title Max boll.
Language of a work English
245 10 - TITLE STATEMENT
Title Sam's ball /
Statement of responsibility, etc. Barbro Lindgren ; illustrated by Eva Eriksson.
260 ## - PUBLICATION, DISTRIBUTION, ETC.
Place of publication, distribution, etc. New York :
Name of publisher, distributor, etc. Morrow,
Date of publication, distribution, etc. 1983.
300 ## - PHYSICAL DESCRIPTION
Extent 16 leaves of plates.
Other physical details col. ill. ;
Dimensions 17 cm.
500 ## - GENERAL NOTE
General note Translation of: Max boll.
520 ## - SUMMARY, ETC.
Summary, etc. A toddler and his cat clash over who gets to play with the ball.
521 8# - TARGET AUDIENCE NOTE
Target audience note 130 <br/>
Source Lexile
521 8# - TARGET AUDIENCE NOTE
Target audience note B <br/><br/>
Source Raz-Plus
650 #1 - SUBJECT ADDED ENTRY--TOPICAL TERM
Topical term or geographic name entry element Balls (Sporting goods)
General subdivision Fiction.
650 #1 - SUBJECT ADDED ENTRY--TOPICAL TERM
Topical term or geographic name entry element Cats
General subdivision Fiction.
700 1# - ADDED ENTRY--PERSONAL NAME
Personal name Eriksson, Eva,
Relator term ill.
856 42 - ELECTRONIC LOCATION AND ACCESS
Materials specified Publisher description
Uniform Resource Identifier <a href="http://www.loc.gov/catdir/description/hc044/83000722.html">http://www.loc.gov/catdir/description/hc044/83000722.html</a>
906 ## - LOCAL DATA ELEMENT F, LDF (RLIN)
a 7
b cbc
c orignew
d 1
e ocip
f 19
g y-gencatlg
942 ## - ADDED ENTRY ELEMENTS (KOHA)
Source of classification or shelving scheme Dewey Decimal Classification
Koha item type Books
Suppress in OPAC No
Holdings
Withdrawn status Lost status Source of classification or shelving scheme Damaged status Not for loan Collection Home library Current library Shelving location Date acquired Total Checkouts Full call number Barcode Date last seen Date last checked out Price effective from Koha item type
    Dewey Decimal Classification     Juvenile Fiction Footprints International School Library Network Toul Kork Campus Footprints International School Library Network Toul Kork Campus TK Primary Library Room(4th Floor), Bookcase 7, Shelves 57-60, Dark Green Books 04/20/2023 2 LIN 813 PZ7.L65852 FISTK02200 03/15/2024 09/01/2023 04/20/2023 Books